000 00509nam a2200181Ia 4500
001 16616
005 20260306170322.0
008 260306t2006||||xx |||||||||||||| ||und||
041 _aESP
082 _a348.8
_bP26L
100 _aParedes Lozada, Lourdes
_eAUT
245 0 _aLey procesal del trabajo:
_bconcordancias, jurisprudencia. Legislación conexa. Convenciones interamericanas
260 _c2006
300 _a150 pƔginas :
_c21 cm.
650 _aGEN
654 _aCDE
942 _cLIB
_dJUS
_fJUS
_2ddc
_n
999 _c16616
_d16616